| 000 | 01048nac a22002891i 4500 | ||
|---|---|---|---|
| 003 | EG-ScBUE | ||
| 005 | 20241217100021.0 | ||
| 008 | 241217r20072000ne a f b 001 0 eng d | ||
| 020 | _a0444505520 (alk. paper) | ||
| 020 | _a9780444505521 | ||
| 040 |
_aEG-ScBUE _beng _erda _cEG-ScBUE _dEG-ScBUE |
||
| 082 | 0 | 4 |
_a519.5 _222 _bSTA |
| 245 | 0 | 0 |
_aStatistics for petroleum engineers and geoscientists / _cJerry L. Jensen, Department of Petroleum Engineering, Texas A&M University, College Station, TX [and three others] |
| 250 | _aSecond edition. | ||
| 250 | _aReprinted edition. | ||
| 264 | 1 |
_aAmsterdam ; _aNew York : _bElsevier, _c2007. |
|
| 300 |
_axviii, 338 pages : _billustrations ; _c25 cm |
||
| 336 |
_2rdacontent _atext _btxt |
||
| 337 |
_aunmediated _2rdamedia _bn |
||
| 338 |
_avolume _bnc _2rdacarrier |
||
| 504 | _aIncludes bibliographical references and index. | ||
| 650 | 7 |
_aStatistics. _2BUEsh |
|
| 650 | 7 |
_aGeology _xStatistical methods. _2BUEsh |
|
| 655 | _vReading book | ||
| 700 | 1 |
_aJensen, Jerry L., _eauthor. |
|
| 942 |
_cBB _2ddc |
||
| 999 |
_c5726 _d5726 |
||